000 00703nam a2200169Ia 4500
008 090711s9999 xx 000 0 und d
082 _b911
100 _aटिळक लक्ष्मीबाई / टिळक देवदत्त
245 _aस्मgतििSाात्र्े
260 _bकेशव भिकाजी ढवळे
_c1998
300 _a159
600 _aटिळक लक्ष्मीबाई / टिळक देवदत्त
630 _aस्मgतििSाात्र्े
700 _aटिळक लक्ष्मीबाई / टिळक देवदत्त
730 _aस्मgतििSाात्र्े
942 _cBOOK
999 _c333736
_d333736